000 00902nas a2200265 4500
001 BR2013002835
003 BR-BrBNA
005 20231205122204.0
007 ta
008 230509b bl.|||p| |||| 00| 00por d
040 _aBR-BrBNA
_bpor
_cBiblioteca Nacional de Agricultura
041 _a(En)
072 _aM12
100 1 _aCorgosinho, P.H.C.
100 1 _aArbizu, P.M.
100 1 _aPreviattelli, D.
245 1 _aEstablishment of a new genus for Parastenocaris itica (Copepoda, Harpacticoida)from El Salvador, Central America, with discussion of the Parastenocaris fontinalis and P. proserpina groups
650 _aCRUSTÁCEO
650 _aCOPEPODA
650 _aTAXONOMIA
650 _aÁGUA DOCE
773 0 _tIheringia. Série Zoologia (Brazil)
_xISSN 0073-4721
_g(Dec 2012), v. 102(4) p. 401-411
_wBR2013002835
909 _a202311
_bLúcia
_c55
_dLúcia Elande
942 _2AGRIS
_n0
_cANA
999 _c227371
_d227371